Total War: Warhammer - Empire Roster - Statistics

General Stats
  • This quiz has been taken 95 times
    94 since last reset
  • The average score is 26 of 45
Answer Stats
Type Unit % Correct
Legendary Lords Karl Franz
96%
Legendary Lords Balthasar Gelt
88%
Infantry Spearmen
84%
Infantry Spearmen (Shields)
84%
Infantry Swordsmen
82%
Infantry Greatswords
77%
Legendary Lords Volkmar the Grim
75%
Missile Infantry Crossbowmen
73%
Legendary Lords Boris Todbringer
70%
Artillery & War Machines Mortars
70%
Missile Infantry Archers
68%
Missile Infantry Handgunners
68%
Cavalry & Chariots Empire Knights
66%
Lords General of the Empire
66%
Infantry Halberdiers
64%
Heroes Witch Hunter
64%
Artillery & War Machines Great Cannons
63%
Legendary Lords Markus Wulfhart
63%
Missile Cavalry & Chariots Pistoliers
63%
Artillery & War Machines Steam Tank
63%
Missile Cavalry & Chariots Outriders
61%
Missile Cavalry & Chariots Outriders (Grenade Launcher)
61%
Cavalry & Chariots Reiksguard
61%
Heroes Empire Captain
59%
Missile Infantry Huntsmen
57%
Infantry Flagellants
54%
Cavalry & Chariots Knights of the Blazing Sun
54%
Cavalry & Chariots Demigryph Knights
52%
Cavalry & Chariots Demigryph Knights (Halberds)
52%
Missile Cavalry & Chariots War Wagons
52%
Missile Cavalry & Chariots War Wagons (Mortars)
52%
Missile Infantry Free Company Militia
50%
Lords Arch Lector
43%
Heroes Grey Wizard
43%
Artillery & War Machines Helstorm Rocket Battery
43%
Heroes Warrior Priest
43%
Heroes Bright Wizard
41%
Heroes Amber Wizard
39%
Heroes Amethyst Wizard
39%
Heroes Jade Wizard
39%
Heroes Light Wizard
36%
Artillery & War Machines Luminark of Hysh
34%
Artillery & War Machines Helblaster Volley Guns
30%
Lords Huntsman General
29%
Heroes Celestial Wizard
27%
No matching quizzes found
Score Distribution
Percent of People with Each Score
Percentile by Number Answered
Your Score History
You have not taken this quiz since the last reset